000
00215 a2200097 4500
001
12941
100
_a
Fouda Yosri
245
_a
Master Minds of Terror
260
_a
_b
Mainstream publishing
_c
090
_c
9932
_d
9932
942
_a
NUST-CAE
_c
M
_c
36858
999
_c
248014
_d
248014